000 002780000a22000970004500
100 1 _aSoesilo, Daud
245 1 0 _aTraducción de las secciones poéticas de Daniel 1-6
300 _aVol. 2, Num. 1 (Octubre, 1991), Páginas 10-13
773 0 _tTraducción de la Biblia
942 _cANA
999 _c52654
_d52654